Retrouvez les compositeurs de musiques de film. - Statistiques

Statistiques générales
  • Ce quiz a été pris 194 fois
  • Le résultat moyen est 6 sur 15
Statistiques - réponses
Indice Réponse % Correct
Compositeur allemand, il a fait la musique pour Gladiator, le Roi Lion et la trilogie The Dark Knight. Hans Zimmer
89%
Sûrement le plus connu, il notamment fait les musiques pour Jurassic Park, Star Wars ou Harry Potter. John Williams
86%
Fidèle acolyte de Sergio Leone, il n'obtient qu'un seul Oscar pour les Les Huit Salopards. Ennio Morricone
80%
Père de Jean-Michel, il a composé les musiques pour Lawrence d'Arabie, Le Docteur Jivago et Witness. Maurice Jarre
57%
Compositeur Franco-Roumain, il a fait la musique pour certaines des meilleures comédies françaises. Vladimir Cosma
49%
Compositeur français, il a reçu 2 Oscars pour The Grand Budapest Hotel et La Forme de l'eau. Alexandre Desplat
40%
Compositeur français, il est connu pour ses musiques dans Le Fabuleux Destin d'Amélie Poulain et Good Bye, Lenin! . Yann Tiersen
40%
Il a composé la majorité des musiques des films de Tim Burton mais il a aussi fait Cinquante Nuances de Grey et les Spiderman de Sam Raimi. Danny Elfman
38%
En plus d'avoir remporté 3 Oscar pour le Seigneur des anneaux, il a aussi fait des musiques pour Martin Scorsese, David Cronenberg ou David Fincher. Howard Shore
37%
Il a composé les musiques de Retour vers le futur, Forrest Gump et Seul au monde pour Zemeckis mais il aussi fait les musiques pour les Avengers. Alan Silvestri
35%
Compositeur américain, il a travaillé plusieurs fois avec James Cameron notamment sur Titanic, Avatar mais aussi avec Mel Gibson sur Braveheart. James Horner
35%
Il a composé pour certains des plus grands films de Hitchcock mais a aussi fait Taxi Driver et Citizen Kane. Bernard Herrmann
21%
Connu pour ses musiques sur une grande partie des James Bond, il a aussi fait Danse avec les Loups et Out of Africa. John Barry
21%
Oscar en 1976 pour Malédiction, ses œuvres les plus célèbres sont La Planète des singes, Alien, le huitième passager et Rambo. Jerry Goldsmith
16%
Compositeur britannique, il a travaillé sur Love Actually, Roméo + Juliette et Moulin Rouge. Craig Armstrong
3%
Aucun quiz correspondant
Distribution des résultats
% des personnes avec chaque résultat
Percentile par nombre de réponses
Votre historique - résultats
Vous n’avez pas pris ce quiz